000 00785cam a2200265 4500
008 090401t1993 xxu||||| |||| 00| 0 eng d
020 _a075061790X
035 _a(Sirsi) u41461
041 _aeng
050 _a693.892
100 _aBrookes, Alan J.
245 4 _aThe building envelope: applications of new technology cladding.
260 _aOxford
_bButterworth-Heinemann Ltd
_c1993
300 _a131p. : ill. ; 30cm.
350 _a19.95
520 _aFirst published in 1990. Paperback edition published 1993.
650 _aARCHITECTS
650 _aARCHITECTURE
650 _aBUILT ENVIRONMENT-CONSTRUCTION DESIGN
650 _aBUILT ENVIRONMENT
690 _aBUILT ENVIRONMENT-CONSTRUCTION DESIGN
700 _aGrech, Chris
942 _n0
948 _c04/03/1997
999 _c90940
_d90940